10 Największych Miast w Azji Środkowej (Centralnej) na Mapie - Statystyki

Ogólne statystyki
  • Ten quiz został rozwiązany 51 razy
  • Średni wynik to 6 z 10
Odpowiedzi na mapie
Odpowiedzi zakodowano w zielono-czerwonej skali na mapie do tego quizu, zgodnie z poniższymi procentami.
 
Statystyki odpowiedzi
Państwo Miasto Populacja % Poprawnych
Kazachstan Astana 1,3 mln
100%
Kirgistan Biszkek 1,1 mln
93%
Uzbekistan Taszkent 3,1 mln
93%
Kazachstan Almaty 2,1 mln
86%
Turkmenistan Aszchabad 1 mln
82%
Tadżykistan Duszanbe 1,2 mln
82%
Kazachstan Aktobe 560k
25%
Uzbekistan Samarkanda 600k
25%
Kazachstan Szymkent 1,2 mln
25%
Uzbekistan Namangan 700k
7%
Nie znaleziono quizów pasujących do podanych kryteriów
Rozkład punktacji
Procent ludzi z każdym wynikiem
Percentyl według liczby udzielonych odpowiedzi
Twoja historia wyników
Nie rozwiązałeś tego quizu